Normal view
MARC view
- Johnston, E. Russell
Entry Personal Name
001 - CONTROL NUMBER
- control field: 100964
003 - CONTROL NUMBER IDENTIFIER
- control field: NUST
005 - DATE AND TIME OF LATEST TRANSACTION
- control field: 20221020114403.0
008 - FIXED-LENGTH DATA ELEMENTS
- fixed length control field: 221020|| aca||aabn | a|a d
040 ## - CATALOGING SOURCE
- Original cataloging agency: NUST
- Transcribing agency: NUST
100 ## - HEADING--PERSONAL NAME
- Personal name: Johnston, E. Russell
- Dates associated with a name: 1925-
670 ## - SOURCE DATA FOUND
- Source citation: Work cat.: (NUST)182863: Beer, Ferdinand Pierre, 37595, Vector mechanics for engineers. Statics and dynamics /, c1988.
